[Event "Dubai op"]
[Site "Dubai"]
[Date "1999.05.02"]
[Round "2"]
[White "Sadvakasov, Darmen"]
[Black "Sakaev, Konstantin"]
[Result "0-1"]
[WhiteElo "2487"]
[BlackElo "2649"]

1.c4 e6 2.Nf3 Nf6 3.b3 d5 4.g3 c5 5.Bg2 d4 6.e3 Nc6 7.exd4 cxd4 8.d3 Bd6
9.O-O O-O 10.Bg5 h6 11.Bxf6 Qxf6 12.Nbd2 Qe7 13.Re1 f5 14.Qc2 Bd7 15.Qb2 Ba3
16.Qc2 Bd6 17.Re2 Kh7 18.Qb2 Ba3 19.Qc2 Bd6 20.Qb2 Qf6 21.a3 a5 22.c5 Bxc5
23.Nc4 Qe7 24.Nfe5 Nxe5 25.Rxe5 b5 26.Bxa8 bxc4 27.Bg2 c3 28.Qe2 Rc8 29.Ra2 Rb8
30.Bd5 Bd6 31.Rxe6 Bxe6 32.Qxe6 Qxe6 33.Bxe6 Re8 34.Bxf5+ g6 35.Bd7 Re1+
36.Kg2 Bxa3 37.Rc2 Rb1 38.Ba4 Bb4  0-1

[Event "Dubai op"]
[Site "Dubai"]
[Date "1999.05.04"]
[Round "4"]
[White "Anastasian, Ashot"]
[Black "Sakaev, Konstantin"]
[Result "1-0"]
[WhiteElo "2529"]
[BlackElo "2649"]

1.c4 e6 2.d4 Nf6 3.Nf3 b6 4.Nc3 Bb4 5.Qc2 Bb7 6.a3 Bxc3+ 7.Qxc3 O-O 8.g3 c5
9.dxc5 bxc5 10.Bg2 a5 11.O-O Qb6 12.Rd1 d5 13.cxd5 exd5 14.e3 a4 15.Rb1 Ne4
16.Qc2 Qb3 17.Qxb3 axb3 18.Nd2 Nxd2 19.Bxd2 Nd7 20.Rbc1 Rfc8 21.Be1 Nb6 22.Rd3 c4
23.Rdd1 Na4 24.Bc3 Nxc3 25.Rxc3 Rc5 26.Kf1 f5 27.h4 Rb5 28.Bh3 Bc8 29.Ke2 Be6
30.Kd2 Kf7 31.Rcc1 Kf6 32.Kc3 Ke5 33.Rd4 h5 34.Bg2 Raa5 35.Rcd1 g6 36.R1d2 Rc5
37.f3 Rab5 38.Bh3 Rc6 39.Re2 Kf6 40.Bg2 Rcc5 41.e4 dxe4 42.fxe4 Re5 43.Bf1 Bf7
44.Rf2 Ke7 45.exf5 Re3+ 46.Kd2 Rxg3 47.f6+ Ke6 48.Bxc4+ Ke5 49.Rd3 Rc5 50.Rxg3 Rxc4
51.Re3+  1-0

[Event "Dubai op"]
[Site "Dubai"]
[Date "1999.05.05"]
[Round "5"]
[White "Sakaev, Konstantin"]
[Black "Kaiumov, Dmitry D"]
[Result "1-0"]
[WhiteElo "2649"]
[BlackElo "2482"]

1.d4 Nf6 2.Nf3 e6 3.c4 b6 4.Nc3 Bb7 5.a3 d5 6.cxd5 Nxd5 7.Qc2 Be7 8.e4 Nxc3
9.bxc3 O-O 10.Bd3 c5 11.O-O Qc8 12.Qa2 Ba6 13.Bxa6 Nxa6 14.Rd1 cxd4 15.cxd4 Qb7
16.Qe2 Rfd8 17.h4 Rac8 18.h5 h6 19.Rd3 Nb8 20.Bf4 Nd7 21.e5 b5 22.g4 Qd5
23.Rad1 Nf8 24.g5 hxg5 25.Nxg5 Nh7 26.Ne4 Kh8 27.Rg3 a6 28.Kh2 Rg8 29.Qe3 Bxa3
30.h6 gxh6 31.Rdg1 Rg6 32.Rxg6 fxg6 33.Bxh6 Rg8 34.Ng5 Nxg5 35.Bxg5 Rf8 36.Bf6+ Rxf6
37.Qh6+ Kg8 38.exf6 Bd6+ 39.f4  1-0

[Event "St Petersburg Cup"]
[Site "St Petersburg"]
[Date "1999.09.04"]
[Round "2"]
[White "Sakaev, Konstantin"]
[Black "Taimanov, Mark E"]
[Result "1-0"]
[WhiteElo "2648"]
[BlackElo "2407"]

1.d4 Nf6 2.c4 e6 3.Nf3 Bb4+ 4.Nbd2 d6 5.g3 O-O 6.Bg2 Nc6 7.O-O e5 8.Nb3 exd4
9.Nfxd4 Nxd4 10.Qxd4 Nd7 11.Bd2 Bxd2 12.Qxd2 Qe7 13.e4 Nc5 14.Nxc5 dxc5 15.Qe3 Be6
16.b3 a5 17.f4 Rfd8 18.f5 Bc8 19.e5 Ra6 20.f6 Rxf6 21.Bd5 c6 22.Rfe1 Rh6
23.Bf3 f6 24.Qc3 fxe5 25.Rxe5 Re6 26.Rae1 Rxe5 27.Qxe5 Qf6 28.Qxf6 gxf6 29.Re7 h6
30.Be4 Rd4 31.Bxc6 bxc6 32.Re8+ Kf7 33.Rxc8 Rd1+ 34.Kg2 Rd2+ 35.Kh3 a4 36.Rxc6 a3
37.Rxc5 Rxa2 38.Ra5 Ke6 39.b4 Rb2 40.Rxa3 Rxb4 41.Rc3 Rb2 42.c5 Kd7 43.c6+ Kc7
44.g4 Rb5 45.Rf3 h5 46.Rxf6 hxg4+ 47.Kxg4 Rb1 48.h4 Rg1+ 49.Kf5 Rh1 50.Kg5 Rg1+
51.Kh6 Rg2 52.h5 Rg1 53.Rg6 Rh1 54.Kg5 Rg1+ 55.Kf6 Rh1 56.h6 Kxc6 57.Kg7+ Kd5
58.h7  1-0

[Event "St Petersburg Cup"]
[Site "St Petersburg"]
[Date "1999.09.05"]
[Round "4"]
[White "Sakaev, Konstantin"]
[Black "Popov, Valerij"]
[Result "1-0"]
[WhiteElo "2648"]
[BlackElo "2523"]

1.d4 d5 2.c4 e6 3.Nc3 c6 4.Nf3 dxc4 5.a4 Bb4 6.e3 b5 7.Bd2 a5 8.axb5 Bxc3
9.Bxc3 cxb5 10.b3 Bb7 11.bxc4 b4 12.Bb2 Nf6 13.Bd3 Nbd7 14.O-O O-O 15.Re1 Re8
16.c5 Bc6 17.Bc2 Ne4 18.Ba4 Qc7 19.Bxc6 Qxc6 20.Qa4 Rec8 21.Qxc6 Rxc6 22.Ra4 Rca6
23.Rea1 f5 24.Ne1 Nb8 25.Nd3 Nc6 26.f3 Nf6 27.Kf2 Kf7 28.Ke2 Ke7 29.Nc1 g5
30.Nb3 h5 31.Nd2 Nd5 32.Nc4 R6a7 33.h3 Rd8 34.Nxa5 Nxa5 35.Rxa5 Rxa5 36.Rxa5 f4
37.e4 Ne3 38.Rb5  1-0

[Event "EUCup final 15th"]
[Site "Bugojno"]
[Date "1999.10.29"]
[Round "1"]
[White "Avrukh, Boris"]
[Black "Sakaev, Konstantin"]
[Result "1-0"]
[WhiteElo "2588"]
[BlackElo "2648"]

1.d4 d5 2.c4 c6 3.Nc3 Nf6 4.e3 a6 5.Nf3 b5 6.b3 Bg4 7.Be2 Nbd7 8.O-O e6 9.Bb2 Be7
10.Ne5 Bxe2 11.Nxe2 Qb6 12.Qc2 O-O 13.Rfc1 dxc4 14.bxc4 Nxe5 15.dxe5 Nd7
16.Ng3 bxc4 17.Rab1 Qc7 18.Qxc4 Rfc8 19.Nh5 Bf8 20.Qg4 Nxe5 21.Nf6+ Kh8 22.Bxe5 Qxe5
23.Nd7 Qc7 24.Nb6 a5 25.Nxa8 Rxa8 26.Qc4 Rc8 27.Qa6 Bb4 28.a3 Bd6 29.Rb7 Bxh2+
30.Kh1 Qe5 31.Rbb1  1-0

[Event "ch-RUS KO"]
[Site "Moscow RUS"]
[Date "1999.12.25"]
[Round "6.1"]
[White "Bezgodov,A"]
[Black "Sakaev,K"]
[Result "1/2-1/2"]
[WhiteElo "2576"]
[BlackElo "2648"]

1.e4 e6 2.d4 d5 3.Nc3 Nf6 4.Bg5 dxe4 5.Nxe4 Be7 6.Bxf6 Bxf6 7.Nf3 O-O 8.Qd2 Nd7
9.O-O-O Be7 10.Qe3 c5 11.dxc5 Qc7 12.Bd3 Bxc5 13.Nxc5 Nxc5 14.Kb1 Nxd3 15.Qxd3 f6
16.Nd4  1/2-1/2

[Event "ch-RUS KO"]
[Site "Moscow RUS"]
[Date "1999.12.27"]
[Round "6.3"]
[White "Bezgodov,A"]
[Black "Sakaev,K"]
[Result "0-1"]
[WhiteElo "2576"]
[BlackElo "2648"]

1.e4 e6 2.d4 d5 3.Nc3 Nf6 4.e5 Nfd7 5.Nce2 c5 6.c3 cxd4 7.cxd4 f6 8.Nf4 Bb4+
9.Bd2 Qb6 10.Bxb4 Qxb4+ 11.Qd2 Qxd2+ 12.Kxd2 Ke7 13.exf6+ gxf6 14.Re1 Nb6
15.Bd3 Nc6 16.Nf3 Kd6 17.Nh5 Rf8 18.Bxh7 e5 19.Ng3 e4 20.Nh4 Nxd4 21.f3 Rh8
22.Nhf5+ Bxf5 23.Nxf5+ Ke5 24.Nxd4 Kxd4 25.Bf5 Nc4+ 26.Ke2 Rag8 27.Rd1+ Ke5
28.g4 Rh3 29.fxe4 Re3+ 30.Kf2 dxe4 31.Rd7 Kf4 32.Re1 Rh8 33.Bh7 Ne5 34.Rxe3 Nxg4+
35.Ke2 Nxe3 36.Rxb7 Nf5 37.Rxa7 Nd4+ 38.Kd1 Rd8 39.Rf7 f5 40.Kc1 e3  0-1

[Event "ch-RUS KO"]
[Site "Moscow RUS"]
[Date "1999.12.28"]
[Round "6.4"]
[White "Sakaev,K"]
[Black "Bezgodov,A"]
[Result "1-0"]
[WhiteElo "2648"]
[BlackElo "2576"]

1.d4 c5 2.d5 e5 3.e4 d6 4.Nc3 Be7 5.Nf3 h6 6.h4 Nf6 7.a4 O-O 8.g3 Nh7 9.Be3 Na6
10.Nd2 Nb4 11.Bg2 f5 12.exf5 Bxf5 13.Nde4 Qd7 14.f3 Kh8 15.g4 Bg6 16.g5 h5
17.O-O Rf7 18.Kh2 Raf8 19.Bh3 Qd8 20.Qe2 Rf4 21.Bxf4 Rxf4 22.Kg3 Nf8 23.Rad1 Bf7
24.Rh1 Ng6 25.Bf1 Bf8 26.Qf2 Ne7 27.Bh3 Bg6 28.Rd2 Nbxd5 29.Nxd5 Nxd5 30.Re1 Nc7
31.Nxc5 Qe8 32.Nd3 Rxa4 33.f4 Bxd3 34.fxe5 Be4 35.exd6 Nb5 36.d7 Qb8+ 37.Qf4 Bd6
38.Rxd6 Nxd6  1-0

[Event "JUG-chT"]
[Site "Vrnjacka Banja"]
[Date "1999.??.??"]
[Round "8"]
[White "Popchev, Milko"]
[Black "Sakaev, Konstantin"]
[Result "0-1"]
[WhiteElo "2498"]
[BlackElo "2648"]

1.d4 Nf6 2.Nf3 g6 3.c3 Bg7 4.Bf4 b6 5.Nbd2 Bb7 6.e3 d6 7.h3 Nbd7 8.Be2 O-O
9.O-O Qe8 10.a4 e5 11.Bh2 e4 12.Ne1 a6 13.Nc2 Qe7 14.c4 a5 15.Nb1 Ne8 16.Nc3 f5
17.b4 g5 18.f4 Bh6 19.bxa5 Rxa5 20.Nb4 gxf4 21.Bxf4 Bxf4 22.Rxf4 Qg5 23.Qb3 Kh8
24.Raf1 Ng7 25.d5 Rg8 26.Qb2 Ne5 27.R1f2 Qg3 28.Nc2 Ba6 29.Nb5 Bxb5 30.axb5 Rga8
31.Qc3 Kg8 32.Rf1 Ra2 33.R4f2 Ng6 34.Bd1 Nh4 35.Qe1 Rb2 36.Rd2 Qxe1 37.Rxe1 Ra4
38.Rf2 Rxc4 39.Nd4 Rxf2 40.Kxf2 Rc1 41.g4 fxg4 42.hxg4 Ng6 43.Nb3 Rb1 44.Kg3 Ne8
45.Rf1 Ne7 46.Nd2 Rb2 47.Rf2 Kg7 48.g5 Kg6 49.Nxe4 Rxf2 50.Kxf2 Nxd5 51.Bc2 Kg7
52.Kf3 h6 53.Bb3 Ne7 54.Kg4 Ng6 55.Kf5 hxg5 56.Nxg5 Ne5 57.Ne6+ Kh6 58.Bd5 Ng7+
59.Nxg7 Kxg7 60.Ke6 Kf8 61.e4 Ke8 62.Ba8 Kd8 63.Bb7 Nf3 64.Kd5 Kd7 65.Bc6+ Ke7
66.Bb7 Kd8 67.Ba8 Kc8 68.Bc6 Ne5 69.Be8 Kd8 70.Bh5 Ke7 71.Be2 Kf6 72.Bf1 Kg5
73.Bh3 Kf4 74.Bc8 Ke3 75.Bb7 Kd3 76.Bc6 Kc3 77.Be8 Kb4 78.Bc6 Nc4 79.Bd7 Na3
80.Kc6 Nxb5 81.Bh3 Nd4+ 82.Kxc7 Kc5 83.Kb7 b5 84.Ka6 b4 85.Ka5  0-1

[Event "RUS-Team"]
[Site "Smolensk RUS"]
[Date "2000.04.15"]
[Round "1"]
[White "Sakaev,K"]
[Black "Ovetchkin,R"]
[Result "1/2-1/2"]
[WhiteElo "2629"]
[BlackElo "2493"]

1.d4 Nf6 2.c4 c5 3.d5 e6 4.Nc3 exd5 5.cxd5 Bd6 6.Bg5 h6 7.Bh4 g5 8.Bg3 Bxg3
9.hxg3 d6 10.e3 a6 11.Nf3 Bg4 12.Qc2 Bxf3 13.gxf3 Nbd7 14.f4 gxf4 15.gxf4 Qa5
16.Bh3 O-O-O 17.O-O-O Kb8 18.Kb1 c4 19.Qf5 Rde8 20.Rd4 Rc8 21.Rc1 Rc7 22.Ne2 Re8
23.Bg2 Rc5 24.Rdd1 Qd8 25.Bf3 Qe7 26.Qc2 Nb6 27.Nc3 Qd7 28.Ka1 Qh3 29.Qe2 Qf5
30.Qd2 Qh3 31.Qe2 Qf5 32.a3 Qd7 33.Rd4 Qf5 34.Rh1 Rcc8 35.Bg2 Qg6 36.Bh3 Rc7
37.Ka2 Rce7 38.f5 Qg7 39.Qf3 Nbd7 40.Qd1 Ne5 41.Rg1 Qf8 42.Bf1 Rc7 43.e4 h5
44.f4 Neg4 45.Bxc4 Qh6 46.Qf3 Nd7 47.Be2 Qf6 48.Rgd1 Ka8 49.Qg3 Rg8 50.e5 dxe5
51.fxe5 Qxe5 52.Qxe5 Ngxe5 53.d6 Rc6 54.Bxh5 Rg5 55.Be2  1/2-1/2

[Event "Open"]
[Site "Dubai UAE"]
[Date "2000.05.04"]
[Round "6"]
[White "Sakaev,K"]
[Black "Arkhipov,S"]
[Result "1/2-1/2"]
[WhiteElo "2629"]
[BlackElo "2527"]

1.d4 d5 2.c4 e6 3.Nf3 Nf6 4.Nc3 dxc4 5.e4 Bb4 6.Bg5 c5 7.e5 cxd4 8.Nxd4 Bxc3+
9.bxc3 Qa5 10.exf6 Qxg5 11.fxg7 Qxg7 12.Qd2 O-O 13.Bxc4 Bd7 14.O-O Nc6 15.Nf3 Rfd8
16.Rad1 Be8 17.Qe3 Ne7 18.Ne5 Ng6 19.f4 Nxe5 20.fxe5 Bc6 21.g3 Rxd1 22.Rxd1 Qg4
23.Rd4 Qf3 24.Qxf3 Bxf3 25.Kf2 Bc6 26.Bd3 h6 27.Ke3 Rc8 28.c4 b6 29.Rg4+ Kf8
30.Rh4 Kg7 31.Rg4+ Kf8 32.Bh7 Be8 33.Rg8+ Ke7 34.Kd4 Rc5 35.Bc2 Rc7 36.Rh8 b5
37.Bd3 Rd7+ 38.Ke3 Rc7 39.Kd4 Rd7+ 40.Ke3 Rc7 41.cxb5 Rc5 42.a4 Rxe5+ 43.Kd4 Rd5+
44.Kc3 h5 45.Be4 Rg5 46.Bf3 f6 47.Rh7+ Bf7 48.Bc6 Kf8 49.Rh8+ Bg8 50.Bf3 Re5
51.Kd2 Rf5 52.Be2 Rc5 53.Ke3 Re5+ 54.Kf2 Re4 55.Bd1 Rb4 56.Rxh5 e5 57.Ke1 Rb2
58.Rf5 Ke7 59.Rf2 Rb1 60.Rf3 Be6 61.Rd3 Bg4 62.h3  1/2-1/2

[Event "Open"]
[Site "Dubai UAE"]
[Date "2000.05.06"]
[Round "8"]
[White "Sakaev,K"]
[Black "Ulibin,M"]
[Result "1-0"]
[WhiteElo "2629"]
[BlackElo "2580"]

1.e4 e6 2.d4 d5 3.Nc3 Nf6 4.Bg5 Be7 5.e5 Nfd7 6.h4 c5 7.Bxe7 Kxe7 8.dxc5 Nxe5
9.Qe2 Nbc6 10.O-O-O Kf8 11.f4 Nd7 12.Nf3 Nxc5 13.Kb1 b5 14.Qe3 Qb6 15.Rxd5 exd5
16.Nxd5 Qd8 17.Qxc5+ Ne7 18.Nc3 a6 19.Be2 Be6 20.Rd1 Qc8 21.Qb4 h5 22.Nd4 Rh6
23.Bf3 Ra7 24.f5 Bc4 25.Nc6 Rxc6 26.Bxc6 Kg8 27.Be4 Nxf5 28.Qa5 Rd7 29.Rxd7 Qxd7
30.b3 Bf1 31.Qxa6 g6 32.Nd5 Qd6 33.Qxd6 Nxd6 34.Ne3 Nxe4 35.Nxf1 Kg7 36.Kb2 Kf6
37.Ka3 Nc3 38.Kb4 Nxa2+ 39.Kxb5 Ke5 40.Kc5 Nc3 41.b4 Ne4+ 42.Kb5 Nc3+ 43.Kc4 Ne4
44.Kb5 Nd6+ 45.Kc6 Nf5 46.b5 Nd4+ 47.Kc5 Ne6+ 48.Kb4 Kd6 49.c4 Nc5 50.Nd2 f6
51.Nb3 Nd3+ 52.Ka5 g5 53.c5+ Kc7 54.b6+ Kb7 55.Kb5 gxh4 56.c6+ Kb8 57.Nc5  1-0

[Event "Anibal Open"]
[Site "Anibal Open ESP"]
[Date "2001.01.11"]
[Round "4"]
[White "Sakaev,K"]
[Black "Mirzoev,A"]
[Result "1-0"]
[WhiteElo "2627"]
[BlackElo "2414"]

1.d4 d5 2.Nf3 Nf6 3.c4 c6 4.Nc3 e6 5.Bg5 Nbd7 6.cxd5 exd5 7.e3 Be7 8.Bd3 O-O
9.Qc2 Re8 10.O-O Nf8 11.h3 Ne4 12.Bf4 Ng5 13.Nxg5 Bxg5 14.Bh2 Be7 15.Kh1 Bd6
16.Bg1 Qh4 17.f4 Nd7 18.Rf3 Nf8 19.f5 Qd8 20.f6 g6 21.Qf2 Be6 22.Qh4 Nd7
23.Raf1 Bf8 24.Bh2 a6 25.Qf2 c5 26.h4 cxd4 27.exd4 Kh8 28.Bb1 h5 29.Qd2 Bg4
30.R3f2 Nb6 31.b3 Rc8 32.Ne2 Kh7 33.Ng1 Rc6 34.Nf3 Bxf3 35.Rxf3 Qd7 36.Bf5 Qd8
37.Qg5 Bh6 38.Qxh5 Rxf6 39.Bd3 Rxf3 40.Qxf3 Re7 41.h5 Qg8 42.Bd6 Rd7 43.Be5 Nc8
44.Qg4  1-0

[Event "Anibal Open"]
[Site "Linares ESP"]
[Date "2001.01.16"]
[Round "9"]
[White "Riazantsev,A"]
[Black "Sakaev,K"]
[Result "1/2-1/2"]
[WhiteElo "2485"]
[BlackElo "2639"]

1.d4 Nf6 2.c4 g6 3.Nc3 Bg7 4.e4 d6 5.f3 O-O 6.Be3 e5 7.Nge2 c6 8.Qd2 Nbd7
9.O-O-O a6 10.Kb1 b5 11.Nc1 exd4 12.Bxd4 Re8 13.Bf2 Bf8 14.h4 Ne5 15.c5 a5
16.cxd6 a4 17.a3 Be6 18.Bg3 Bb3 19.Nxb3 axb3 20.Qd4 Ned7 21.Qb4 Nh5 22.Bf2 Qf6
23.Qxb3 Bxd6 24.f4 Nxf4 25.Be3  1/2-1/2

[Event "Anibal Open"]
[Site "Linares ESP"]
[Date "2001.01.18"]
[Round "11"]
[White "Turov,M"]
[Black "Sakaev,K"]
[Result "1/2-1/2"]
[WhiteElo "2546"]
[BlackElo "2639"]

1.d4 Nf6 2.c4 e6 3.Nc3 Bb4 4.e3 O-O 5.Bd3 d5 6.Ne2 dxc4 7.Bxc4 e5 8.O-O Nc6
9.d5 Ne7 10.a3 Bd6 11.e4 a6 12.b4 Ng6 13.f3 Nh5 14.Be3 Nhf4 15.Kh1 h5 16.g3 Nh3
17.Bd3 h4 18.Kg2 Qf6 19.Qd2 Re8 20.Kh1 hxg3 21.hxg3 Ngf4 22.gxf4 exf4 23.Bg1 Nxg1
24.Nxg1 Re5 25.Rf2 Rh5+ 26.Rh2 Rxh2+ 27.Kxh2 Be5 28.Rc1 Qh4+ 29.Kg2 Bd4 30.Qe1 Qxe1
31.Rxe1 Bxc3 32.Rc1 Be5 33.Nh3 Bd7 34.Nf2 Rc8 35.Bc4 Bd4 36.Nd3 Be3 37.Rc3 Be8
38.Nc5 Rb8 39.Rd3 a5 40.e5 axb4 41.axb4 b6 42.Ne4 Kf8 43.d6 cxd6 44.Nxd6 Ra8
45.Rd1 Bd7 46.Nxf7 Ke7 47.Ng5 Bf5 48.e6 Rd8 49.Rxd8 Kxd8 50.Kf1 Bd4 51.Ke2 Ke7
52.Bd3 Bxd3+ 53.Kxd3 Bf6 54.Nh3 g5 55.Kc4 Kxe6 56.b5 Be7 57.Nf2 Bf8 58.Ng4 Bc5
59.Nh6 Kf6 60.Ng4+ Kg6 61.Kd3 Kh5 62.Ke2 Kh4 63.Nf6 Bd4 64.Ng4 Kg3 65.Nh6 Kg2  1/2-1/2

[Event "Open"]
[Site "Ubeda ESP"]
[Date "2001.01.29"]
[Round "9"]
[White "Sakaev,K"]
[Black "Kacheishvili,G"]
[Result "1-0"]
[WhiteElo "2639"]
[BlackElo "2556"]

1.e4 e6 2.d4 d5 3.Nc3 Nf6 4.Bg5 dxe4 5.Nxe4 Be7 6.Bxf6 Bxf6 7.Nf3 O-O 8.Qd2 Nd7
9.O-O-O b6 10.Bd3 Bb7 11.Qe2 Be7 12.h4 Nf6 13.Neg5 Bxf3 14.Nxf3 Qd6 15.Ne5 c5
16.dxc5 Qxc5 17.Kb1 Rad8 18.Bc4 Nd5 19.Bxd5 exd5 20.Nd3 Qc7 21.g3 Bf6 22.Rhe1 Qc4
23.a3 g6 24.Nf4 b5 25.Qf3 d4 26.Nd3 Bg7 27.Re7 Rc8 28.Rd2 Rc7 29.Rde2 a6
30.Rxc7 Qxc7 31.Qd5 Rd8 32.Qe4 Rc8 33.h5 Qd7 34.hxg6 hxg6 35.g4 a5 36.g5 b4
37.axb4 axb4 38.f4 Qa4 39.Qd5 Bf8 40.Ne5 Qa7 41.Nd7 b3 42.cxb3 Qa6 43.Ne5 Rc7
44.Nc4 Ra7 45.Re8 Qa1+ 46.Kc2 Qg1 47.Qd6 Qg2+ 48.Nd2 d3+ 49.Kc3  1-0

[Event "Korchnoi 70"]
[Site "St Petersburg RUS"]
[Date "2001.03.22"]
[Round "8"]
[White "Popov,Val"]
[Black "Sakaev,K"]
[Result "1/2-1/2"]
[WhiteElo "2545"]
[BlackElo "2639"]

1.Nf3 Nf6 2.c4 e6 3.Nc3 Bb4 4.Qc2 O-O 5.a3 Bxc3 6.Qxc3 b6 7.g3 Bb7 8.Bg2 d6
9.O-O Nbd7 10.b4 c5 11.Bb2 Qc7 12.d3 e5 13.Rab1 Rfc8 14.Ba1 Rab8 15.Rfc1 Nf8  1/2-1/2

[Event "Korchnoi 70"]
[Site "St Petersburg RUS"]
[Date "2001.03.22"]
[Round "9"]
[White "Taimanov,M"]
[Black "Sakaev,K"]
[Result "1/2-1/2"]
[WhiteElo "2454"]
[BlackElo "2639"]

1.c4 e5 2.Nc3 Nc6 3.g3 g6 4.Bg2 Bg7 5.Rb1 a5 6.a3 d6 7.d3 f5 8.Nf3 Nf6 9.O-O O-O
10.b4 axb4 11.axb4 Ne7  1/2-1/2

[Event "2nd IECC"]
[Site "Ohrid MKD"]
[Date "2001.06.05"]
[Round "5"]
[White "Sakaev,K"]
[Black "Nevednichy,V"]
[Result "1-0"]
[WhiteElo "2637"]
[BlackElo "2563"]

1.d4 d6 2.e4 Nf6 3.f3 e5 4.d5 Be7 5.Be3 O-O 6.c4 c6 7.Nc3 cxd5 8.cxd5 Nh5
9.g3 g6 10.Qd2 f5 11.exf5 gxf5 12.O-O-O Bd7 13.f4 Bf6 14.Nf3 Kh8 15.Be2 Ng7
16.h4 b5 17.Nxb5 Bxb5 18.Bxb5 Nd7 19.Bc6 Rb8 20.b3 a5 21.h5 Ne8 22.Rh2 Rb4
23.Qc2 Re4 24.Bd2 exf4 25.gxf4 Nc5 26.Ng5 Qb6 27.Nxe4 Nxe4 28.Re2 Ng7 29.h6 Nh5
30.Rxe4 fxe4 31.Qxe4 Qc5+ 32.Kb1 Qf2 33.Qe3 Qh4 34.Qf3 Qh2 35.Qe3 Qh4 36.Qe6 Qf2
37.Bc1 Qf3 38.Rd2 Qxf4 39.Qe2 Ng3 40.Qf2 Qe4+ 41.Rc2 Nf5 42.Qf4 Qd3 43.Bb5 Qxd5
44.Bc4 Qe5 45.Qxe5 dxe5 46.Bd3 Nd6 47.Ba3 Rd8 48.Rf2 Bh4 49.Rf1 Nc8 50.Bf8 Nb6
51.Bg7+ Kg8 52.Bf5 Kf7 53.Bxh7+ Ke7 54.Bg6 Nd5 55.h7 Nf4 56.Rxf4  1-0

[Event "Keres Mem Open"]
[Site "Tallinn EST"]
[Date "2001.07.25"]
[Round "1"]
[White "Sakaev,K"]
[Black "Polonski,V"]
[Result "1-0"]
[WhiteElo "2630"]
[BlackElo "2149"]

1.d4 d5 2.Nf3 e6 3.c4 c6 4.Nbd2 f5 5.g3 Nf6 6.Bg2 Bd6 7.O-O O-O 8.Ne5 Nbd7
9.Ndf3 Ne4 10.b3 g5 11.Nd3 Qf6 12.Bb2 g4 13.Nfe5 Qg5 14.Bc1 Qg7 15.Bf4 Nxe5
16.Nxe5 Be7 17.Qc1 Bg5 18.Bxe4 Bxf4 19.Qxf4 dxe4 20.f3 exf3 21.exf3 gxf3
22.Rxf3 Bd7 23.Raf1 Be8 24.Qe3 Bg6 25.Rf4 Rac8 26.Re1 Rfe8 27.h4 Bh5 28.Kh2 Kh8
29.Rg1 Bg4 30.Rg2 Re7 31.Rd2 Rd8 32.Rff2 Rf8 33.Qf4 Rg8 34.Rd3 Ree8 35.Re3 Ref8
36.Nd3 Rf6 37.Nc5 Re8 38.d5 cxd5 39.cxd5  1-0

[Event "Keres Mem Open"]
[Site "Tallinn EST"]
[Date "2001.07.26"]
[Round "2"]
[White "Sergejev,R"]
[Black "Sakaev,K"]
[Result "0-1"]
[WhiteElo "2324"]
[BlackElo "2630"]

1.d4 Nf6 2.Nf3 e6 3.Nbd2 d5 4.e3 c5 5.c3 Nc6 6.Bd3 Bd6 7.dxc5 Bxc5 8.O-O O-O
9.b4 Bd6 10.Bb2 e5 11.e4 Bg4 12.a3 Ne7 13.h3 Bh5 14.c4 d4 15.c5 Bc7 16.Re1 Qd7
17.Nf1 h6 18.Ng3 Bg6 19.Nh4 Bh7 20.Rc1 Kh8 21.b5 Ng6 22.Nxg6+ fxg6 23.c6 bxc6
24.Rxc6 h5 25.a4 Ba5 26.Rf1 Rfc8 27.Qc2 Rxc6 28.bxc6 Qc7 29.Rc1 Rb8 30.Ne2 g5
31.Ba3 Bg8 32.Bb5 g4 33.h4 Bh7 34.Bd3 Bg6 35.Ng3 Bc3 36.Ne2 Qxc6 37.Nxc3 dxc3
38.Qxc3 Qxc3 39.Rxc3 Bxe4 40.Bb5 Rd8 41.Re3 g3 42.fxg3 Rd1+ 43.Bf1 Bd5 44.Bb4 e4
45.a5 Bc4 46.Re1 Rxe1 47.Bxe1 Bxf1 48.Kxf1 a6 49.Kf2 Ng4+ 50.Ke2 Kh7 51.Kd2 Kg6
52.Kc3 Ne3 53.Bd2 Nxg2 54.Kd4 Kf5 55.Bg5 g6 56.Kc5 e3 57.Kb6 e2 58.Bd2 Ke4
59.Kxa6 Kd3 60.Bb4 Kc4 61.Bd2 Kd3 62.Bb4 Ne3 63.Be1 Nc2 64.Bf2 Ke4 65.Kb5 Kf3
66.Be1 Nxe1 67.a6 Nd3 68.a7 e1=Q 69.a8=Q+ Qe4  0-1

[Event "Keres Mem Open"]
[Site "Tallinn EST"]
[Date "2001.07.27"]
[Round "4"]
[White "Yemelin,V"]
[Black "Sakaev,K"]
[Result "0-1"]
[WhiteElo "2507"]
[BlackElo "2630"]

1.e4 c5 2.Nf3 d6 3.d4 cxd4 4.Nxd4 Nf6 5.Nc3 a6 6.Be2 e5 7.Nb3 Be7 8.Be3 Be6
9.Nd5 Nbd7 10.Qd3 O-O 11.O-O Bxd5 12.exd5 Re8 13.Rfd1 g6 14.c4 b6 15.Nd2 a5
16.Nb1 h5 17.Nc3 Ng4 18.Bd2 Nc5 19.Qh3 Nf6 20.Bd3 Nh7 21.Bc2 Bg5 22.b3 Bxd2
23.Rxd2 f5 24.Qe3 Ng5 25.f3 h4 26.h3 Nf7 27.a3 Nd7 28.Rdd1 Rc8 29.Nb5 Qf6
30.Na7 Ra8 31.Nc6 Qg5 32.Qxg5 Nxg5 33.b4 a4 34.Re1 Kg7 35.Re3 Nf7 36.Rae1 Rec8
37.f4 e4 38.Rc3 Nf6 39.Bd1 Nd8 40.Nxd8 Rxd8 41.Be2 Rdc8 42.Rd1 Rab8 43.Kf2 Nd7
44.Ke3 Kf6 45.Kd4 Rg8 46.g4 hxg3 47.Rxg3 Rh8 48.Rdg1 Nf8 49.Bd1 Ra8 50.R1g2 Rh4
51.Rf2 Ra7 52.c5 bxc5+ 53.bxc5 dxc5+ 54.Kxc5 Rhh7 55.Rb2 Rhc7+ 56.Kd4 Ra6
57.Rb8 Ne6+ 58.Ke3 Rd6 59.Rb5 Rc3+ 60.Kf2 Rc5 61.Bxa4 Rxb5 62.Bxb5 Nxf4 63.a4 Rxd5
64.Ra3 Ke5 65.Bf1 Ra5 66.Bb5 Ne6 67.h4 Nd4 68.Be8 f4 69.Bxg6 e3+ 70.Kg2 Kf6
71.Bd3 Ra8 72.h5 Ra5 73.h6 Rg5+ 74.Kh1 f3 75.h7 Rh5+ 76.Kg1 e2 77.Ra1 Ke5
78.a5 Kf4 79.Bg6 Kg3  0-1

[Event "TCh-YUG"]
[Site "Herceg Novi YUG"]
[Date "2001.09.03"]
[Round "1"]
[White "Sakaev,K"]
[Black "Maksimovic,B"]
[Result "1-0"]
[WhiteElo "2630"]
[BlackElo "2464"]

1.d4 Nf6 2.c4 e6 3.Nc3 Bb4 4.Qc2 O-O 5.a3 Bxc3+ 6.Qxc3 b6 7.Bg5 Bb7 8.e3 d6
9.f3 Nbd7 10.Nh3 h6 11.Bh4 Rc8 12.Bg3 e5 13.O-O-O Qe7 14.Kb1 Rfe8 15.e4 Nf8
16.d5 c6 17.Qd2 N8d7 18.Nf2 Nc5 19.Ka2 a5 20.Ng4 cxd5 21.cxd5 Qd7 22.Ne3 b5
23.Qxa5 Ra8 24.Qb4 Reb8 25.Bxe5 Bc8 26.Bd4 Qc7 27.Bxc5 dxc5 28.Qd2 b4 29.Bc4 bxa3
30.b3 Ba6 31.Rc1 Nd7 32.Rc3 Rb4 33.Rhc1 Qxh2 34.Bxa6 Rxa6 35.Rxc5 Nxc5 36.Qxb4 Nd3
37.Rc8+ Kh7 38.Qc3 Ne5 39.Qc2 Qg1 40.Qd2 Qh2 41.Rc2 h5 42.Nc4 h4 43.Qc3 f6
44.Nxe5 fxe5 45.Qc8 Rg6 46.Qh3 Qf4 47.Qf5 Qxf5 48.exf5 Rf6 49.Rd2 Rxf5 50.d6 Rf8
51.Kxa3 Kg6 52.d7 Rd8 53.Kb4 e4 54.fxe4 Kf6 55.Kc5 g5 56.Kd6  1-0

[Event "ECC"]
[Site "Panormo GRE"]
[Date "2001.09.26"]
[Round "4"]
[White "Palac,M"]
[Black "Sakaev,K"]
[Result "0-1"]
[WhiteElo "2578"]
[BlackElo "2630"]

1.e4 c5 2.Nf3 d6 3.d4 cxd4 4.Nxd4 Nf6 5.Nc3 a6 6.Be3 Ng4 7.Bg5 h6 8.Bh4 g5
9.Bg3 Bg7 10.h3 Ne5 11.f3 Nbc6 12.Bf2 Be6 13.Qd2 Nxd4 14.Bxd4 Qa5 15.h4 Rc8
16.Qe3 Rg8 17.O-O-O Bxa2 18.hxg5 hxg5 19.Bb6 Rxc3 20.bxc3 Qa3+ 21.Kd2 Bc4
22.Be2 Bxe2 23.Qxe2 Qa4 24.Bd4 Nc4+ 25.Ke1 Be5 26.Kf2 Qc6 27.Rh7 b5 28.Rdh1 a5
29.g3 Bxd4+ 30.cxd4 Na3 31.Qd3 b4 32.Ra1 Kd7 33.c3 Rc8 34.cxb4 Qc2+ 35.Qxc2 Rxc2+
36.Kg1 axb4 37.Rxf7 Rc7 38.Kf2 Rb7 39.Rh7 Nc2 40.Rb1 b3 41.Rb2 Nxd4 42.Ke3 Ne6
43.Kd3 Nc5+ 44.Kc4 Rc7 45.Kd5 Ne6 46.e5 Rc5+ 47.Ke4 Rxe5+ 48.Kd3 Nc5+ 49.Kd4 Re1
50.g4 Kc6 51.Rh5 e5+ 52.Kc4 Rc1+ 53.Kb4 Nd3+ 54.Kxb3 Nxb2 55.Kxb2 Rf1 56.Rxg5 Rxf3
57.Kc2 Kd5 58.Rg8 Ke4 59.g5 Rg3 60.g6 d5 61.g7 d4 62.Kd2 Rg2+ 63.Ke1 d3 64.Kf1 Rg3
65.Kf2 Rg4 66.Kf1 Ke3  0-1

[Event "Eu Rapid Ch"]
[Site "Panormo GRE"]
[Date "2002.09.30"]
[Round "4"]
[White "Halkias,S"]
[Black "Sakaev,K"]
[Result "0-1"]
[WhiteElo "2550"]
[BlackElo "2647"]

1.d4 Nf6 2.c4 e6 3.Nf3 b6 4.e3 Bb7 5.Bd3 g6 6.O-O Bg7 7.Nbd2 O-O 8.b4 d6
9.Bb2 Nbd7 10.Qc2 c5 11.dxc5 dxc5 12.b5 Qc7 13.Rfd1 Rfd8 14.h3 a5 15.a4 Rf8
16.Bc3 Rad8 17.Qb2 Qb8 18.Be2 Qa8 19.Ne1 e5 20.Bf3 Rfe8 21.Bxb7 Qxb7 22.Nef3 Qc7
23.Ng5 h6 24.Nge4 Nxe4 25.Nxe4 f5 26.Ng3 Nf8 27.Rd5 Rxd5 28.cxd5 Qf7 29.Rd1 Nd7
30.e4 h5 31.exf5 gxf5 32.Qe2 h4 33.Nh5 Bh6 34.d6 Kh7 35.Re1 e4 36.Rd1 Rg8
37.f4 Bf8 38.Be1 Kh6 39.g4 Qxh5 40.g5+ Kg6 41.Qc4 Kh7 42.Qd5 Qg6 43.Bxh4 Bg7
44.Bf2 Rf8 45.Qc6 Rf7 46.Qd5 Kg8 47.Re1 Nf8 48.Rd1 Kh7 49.Qc4 Rd7 50.Qd5 Ne6
51.Qc6 Qf7 52.Qxb6 Nxf4 53.Qxc5 Nxh3+ 54.Kf1 Nxg5 55.Rd5 Ne6 56.Qe3 Bh6 57.Qh3 Kg6
58.Bg3 Ng5  0-1

[Event "Eu Rapid Ch"]
[Site "Panormo GRE"]
[Date "2002.10.01"]
[Round "8"]
[White "Sakaev,K"]
[Black "Banikas,H"]
[Result "1/2-1/2"]
[WhiteElo "2647"]
[BlackElo "2521"]

1.d4 Nf6 2.Nf3 g6 3.c4 c5 4.Nc3 cxd4 5.Nxd4 Nc6 6.e4 d6 7.Be2 Nxd4 8.Qxd4 Bg7
9.Be3 Be6 10.O-O a6 11.Qd2 O-O 12.f3 Qa5 13.Rfc1 Rfc8 14.b3 b5 15.cxb5 axb5
16.Bd4 b4 17.Na4 Nd7 18.Bxg7 Kxg7 19.f4  1/2-1/2

[Event "Eu Rapid Ch"]
[Site "Panormo GRE"]
[Date "2002.10.01"]
[Round "9"]
[White "Borovikov,V"]
[Black "Sakaev,K"]
[Result "0-1"]
[WhiteElo "2570"]
[BlackElo "2647"]

1.d4 Nf6 2.Nf3 e6 3.c4 b6 4.Nc3 Bb7 5.a3 d5 6.cxd5 Nxd5 7.e3 g6 8.Bb5+ c6
9.Ba4 Nd7 10.e4 Nxc3 11.bxc3 Bg7 12.Bg5 Qc7 13.O-O O-O 14.Qd2 b5 15.Bb3 c5
16.Bf4 Qa5 17.Bd6 Rfc8 18.Rfe1 cxd4 19.Bb4 Qd8 20.cxd4 a5 21.Bd6 Nf6 22.e5 Ne4
23.Qf4 Rc3 24.Rxe4 Bxe4 25.Bxe6 fxe6 26.Qxe4 Rac8 27.h4 Bf8 28.Qg4 Bxd6 29.Qxe6+ Kg7
30.exd6 Qf6 31.Qd7+ Qf7 32.Qxf7+ Kxf7 33.Ng5+ Ke8 34.Re1+ Kd7 35.Re7+ Kxd6
36.Rxh7 Kd5 37.Rd7+ Kc4 38.Ne4 Rc1+ 39.Kh2 Kb3 40.Rb7 Kxa3 41.Rxb5 a4 42.d5 R8c4
43.f3 Rb4 44.Ra5 Rd1 45.Nc3 Rd3 46.Rc5 Kb2 47.Nxa4+ Rxa4 48.Kg3 Rdd4 49.Rc6 Rxh4
50.Rxg6 Kc3 51.Rf6 Rhd4 52.f4 Rxd5 53.Kh4 Kd4 54.g4 Ke4 55.g5 Rf5 56.Kh5 Rxf6
57.gxf6 Kf5  0-1